Welcome to the Holygrace Academy Library

Please use search bar below to get started

LOLA, FANOLA (Record no. 5867)

MARC details
000 -LEADER
fixed length control field 00464nam a22001457a 4500
020 ## - INTERNATIONAL STANDARD BOOK NUMBER
ISBN 978-1-5263-0240-5
082 ## - DEWEY DECIMAL CLASSIFICATION NUMBER
Classification number 823
Item number DOL/L
100 ## - MAIN ENTRY--AUTHOR NAME
Personal name DOLAN, PENNY
245 ## - TITLE STATEMENT
Title LOLA, FANOLA
260 ## - PUBLICATION, DISTRIBUTION, ETC. (IMPRINT)
Place of publication WAYLAND
Name of publisher PENNY DOLAN
Year of publication 2008
300 ## - PHYSICAL DESCRIPTION
Number of Pages 23
520 ## - SUMMARY, ETC.
Summary, etc Lola Fanola swings on the high trapeze. She is the star of the circus! Poor Jimmy must swing on the low trapeze. But, one day, Jimmy shows Lola what he can really do!
650 ## - SUBJECT ADDED ENTRY--TOPICAL TERM
Topical Term SHORT STORY
942 ## - ADDED ENTRY ELEMENTS (KOHA)
Koha item type Books
Holdings
Withdrawn status Lost status Collection code Home library Current library Shelving location Date acquired Source of acquisition Full call number Accession Number Koha item type
    Fiction Main Library Main Library SHELF 15-I-CHILDREN'S STORYBOOKS 25/01/2019 Purchase 823 DOL/L 10654 Books